Estudio de caso para obtener indicadores de mejora de la práctica docente con "el sistema Enciclomedia" en la asignatura de ciencias naturales para sexto grado de primaria.

Guardat en:
Dades bibliogràfiques
Autor principal: Patiño Alonso, Norma Xóchilth (autor)
Format: Desconegut
Idioma:espanyol
Matèries:
Accés en línia:Ver documento en línea
Etiquetes: Afegir etiqueta
Sense etiquetes, Sigues el primer a etiquetar aquest registre!

MARC

LEADER 00000c**#a2200000ua#4500
001 000508224
003 DLC
005 20260512000000.0
008 070831c^^^^9999^^^^r1^^^^^^^^0^^^^0spa^d
009 20260512123418.541
022 |a 01851284 
035 |a FCE 000052431 
037 |a Acervo ITESO - Biblioteca 
041 |a spa 
095 |a RLEE  |b 08-3-4-127. 
100 |a Patiño Alonso, Norma Xóchilth  |e (autor) 
245 1 0 |a Estudio de caso para obtener indicadores de mejora de la práctica docente con "el sistema Enciclomedia" en la asignatura de ciencias naturales para sexto grado de primaria. 
264 |a México :  |b Centro de Estudios Educativos,  |c 2008. 
336 |a texto  |b txt  |2 rdacontenido 
337 |a sin mediación  |b n  |2 rdamedio 
338 |a volumen  |b nc  |2 rdasoporte 
649 |a XX 
650 |a Ciencias naturales 
650 |a Mejora de la educación 
650 |a Asignaturas 
650 |a Indicadores educativos 
650 |a Enciclomedia 
650 |a Educación primaria 
650 |a Práctica docente 
650 |a México 
740 |g vol. 38, no. 3-4, pp. 127-188  |t Revista Latinoamericana de Estudios Educativos. Para la Construcción del Saber, 
856 4 0 |u https://www.cee.edu.mx/rlee/revista/r2001_2010/r_texto/t_2008_3-4_06.pdf  |y Ver documento en línea 
910 |a Fondo Centro de Estudios Educativos 
920 |a Impresos - Libros 
930 |a Fondos Especiales 
905 |a 133 
902 |a https://opac.biblio.iteso.mx/vufind/Record/000508224